common sense project management

Bibliographic Details
Main Author: Turk, Wayne
Format: Book
Language:English
Published: Daryaganj, New Delhi : New Age International , 2010
Subjects:

MARC

LEADER 00000cam a2200000 7i4500
001 0000024195
005 20120326.0
008 120229s inu# eng
020 |a 9788122431025 ,   |c RM228.00 
040 |a INS 
090 0 0 |a HD69.P75   |b T87 2010 
100 1 |a Turk, Wayne 
245 1 0 |a common sense project management   |c Wayne Turk 
260 |a Daryaganj, New Delhi :   |b New Age International ,   |c 2010 
300 |a xiv, 205p. ;   |c 22cm. 
500 |a Includes index 
650 0 |a Project management 
999 |a 1000000678   |b BOOK   |c Open Shelf   |e Default branch